000 00850nam a2200253 a 4500
008 951205s1982||||[C 0 slo c
020 _c75 Kčs.
_q(25000 výtl.)
040 _aSNK
_bslo
_cSNK
_eAACR2
041 1 _aslo
_heng
044 _axo
_cSK
080 _a820-3
100 1 _aDickens, Charles
_d1812-1870
_4aut
245 1 0 _aKronika Pickwickovho klubu. /Zv./ 2
_cCharles Dickens ; Magda Žáryová, Ladislav Nesselman, Elena Šullová, Štefan Žáry
250 _a1., vyd.
260 _aBratislava
_bTatran
_c1982
_eMartin
_fTlačiarne SNP
300 _a408 s., 27,72 AH
_c23 cm
490 0 _aVýber
_vZv. 50.
500 _aIlustr. na front. a predsádkach. Cena za 1.-2. zv.
700 1 _aŽáryová, Magda
_4trl
700 1 _aNesselman, Ladislav
_4bkd
700 1 _aŠullová, Elena
_4bkd
700 1 _aŽáry, Štefan
_4oth
958 _aA
999 _c10287
_d10287